000 00577nam a2200193Ia 4500
003 OSt
005 20230530100547.0
008 210423s1984 xx 000 0 und d
040 _cAL
082 _a323
_223
_bJOSD
100 _aJOSEPH (George);DESROCHERS (John)
_9116340
245 _aDevelopment human rights and action graphs
260 _aBangalore
_bCentr for social action
_c1984
365 _cINR
650 _aCivil & Political Rights
_9116341
650 _aPolitical Science
_9116342
906 _aaction ; Development ; graphs ; human ; rights
942 _2ddc
_cBK
999 _c174453
_d174453